Catalog

Record Details

Catalog Search



The Language and Imagery of the Bible  Cover Image Book Book

The Language and Imagery of the Bible / G.B.Caird ; N.T. Wright

Caird, G.B. (Author). Wright, N.T. (Added Author).

Record details

  • ISBN: 0-8028-4221-6
  • Physical Description: 280 p.
  • Publisher: Grand Rapids, Michigan William B.Eerdmans Publishing Company 1996

Available copies

  • 1 of 1 copy available at Common Catalog SPOK.

Holds

  • 0 current holds with 1 total copy.
Show Only Available Copies
Location Call Number / Copy Notes Barcode Shelving Location Status Due Date
ETS Library 220.66 424470010936 Volný výběr Available -

LDR 00722nam a2 00253
00132613
003CZ-PrJAB
00520070426000000.0
008070426s1996 xxu e |||| |eng
009us
020 . ‡a0-8028-4221-6
035 . ‡a(CONS)5210
035 . ‡aKPS12552
040 . ‡aABG450
041 . ‡aeng
08214. ‡a220.66
100 . ‡76460 ‡aCaird, G.B.
245 . ‡aThe Language and Imagery of the Bible / ‡cG.B.Caird ; N.T. Wright
260 . ‡aGrand Rapids, Michigan ‡bWilliam B.Eerdmans Publishing Company ‡c1996
300 . ‡a280 p.
653 . ‡aThe Language and Imagery of the Bible
700 . ‡76461 ‡aWright, N.T.
8524 . ‡bETS ‡bETS ‡cVolný výběr ‡j220.66 ‡gA ‡p424470010936
910 . ‡aABG450
999 . ‡a5210 ‡bAUTOGEN ‡c5210 ‡tbiblio
905 . ‡uadmin
901 . ‡a32613 ‡b ‡c32613 ‡tbiblio ‡sets

Additional Resources